| 000 | 01167nam a22002297a 4500 | ||
|---|---|---|---|
| 003 | NALT | ||
| 005 | 20210820153333.0 | ||
| 008 | s2545 th tha d | ||
| 040 | _aNALT | ||
| 041 | _atha | ||
| 090 | _aว HE5614.5.T5 พ979ค 2545 | ||
| 100 | 0 | _aไพบูลย์ สุริยะวงศ์ไพศาล | |
| 245 | 1 | 0 |
_aโครงการจากเมาไม่ขับสู่การป้องกันอุบัติเหตุจราจรที่ยั่งยืน / _cไพบูลย์ สุริยะวงศ์ไพศาล |
| 260 | 3 |
_aม.ป.ท. : _bสำนักงานกองทุนสนับสนุนการวิจัย, _c2545 |
|
| 300 |
_a1 เล่ม : _b ภาพประกอบ, ตาราง ; _c 29 ซม. |
||
| 650 | 0 | 4 | _aความปลอดภัยในท้องถนน -- วิจัย |
| 650 | 0 | 4 | _aอุบัติเหตุการจราจรทางบก -- วิจัย |
| 650 | 0 | 4 | _aอุบัติเหตุทางถนน -- วิจัย |
| 850 | _aNALT | ||
| 942 |
_cRSH _2lcc |
||
| 998 |
_bSUKUNYA _j109 _k อารีรัตน์ วิชาช่าง |
||
| 999 |
_c31049 _d31049 |
||